| 000 | 00440nam a22001577a 4500 | ||
|---|---|---|---|
| 999 |
_c17539 _d17539 |
||
| 003 | OSt | ||
| 005 | 20221104160406.0 | ||
| 008 | 221104b ||||| |||| 00| 0 eng d | ||
| 040 | _c0 | ||
| 100 |
_aFelipe, Cecille Suerte. _946634 |
||
| 245 | _aSenate OKs bill on mandatory good manners subject / | ||
| 260 |
_aPhilippines ; The Philippine Star, _cFebruary 18, 2020. |
||
| 300 | _apage 5 | ||
| 650 |
_aEducation _946635 |
||
| 942 |
_2ddc _cPER |
||